000 00822nam a2200217Ia 4500
001 15070
003 GE_BSU
008 181216s||||||||xx |||||||||||||| ||und||
040 _cGE_BSU
080 _a821.353.1-32
100 _aყაზბეგი,ალექსანდრე
245 _aმოთხრობები
245 _cშემდგ.: თეიმურაზ მაღლაფერიძე;რედ:მ.კალანდარიშვილი,მხატვ:კ.ფაჩულაია
260 _aთბილისი
260 _bნაკადული
260 _c1987
300 _a431გვ;20სმ.
541 _h7ლ.
653 _aელგუჯა; ციცია; ხევისბერი გოჩა; ელისო; ელეონორა
942 _cBK
999 _c48188
_d48188